Biblioteca y Centro de Documentación

Contrato de trabajo y política (Registro nro. 48571)

Detalles MARC
000 -CABECERA
Longitud fija campo de control 00967naa a2200253 c 4500
001 - NÚMERO DE CONTROL
Número de control 48571
003 - IDENTIFICADOR DE NÚMERO DE CONTROL
Identificador del número de control ES-MaCES
005 - FECHA Y HORA DE LA ÚLTIMA TRANSACCIÓN
Fecha y hora de la última transacción 20161128105623.0
008 - CAMPO FIJO DE DESCRIPCIÓN FIJA--INFORMACIÓN GENERAL
Códigos de información de longitud fija   161128s2016 sp ||||| t||||||| ||spa d
040 ## - FUENTE DE CATALOGACIÓN
Centro catalogador de origen ES-MaCES
Lengua de catalogación spa
Centro transcriptor ES-MaCES
Centro modificado ES-MaCES
100 1# - ENCABEZAMIENTO PRINCIPAL--NOMBRE PERSONAL
9 (RLIN) 8792
Nombre de persona Cámara Botía, Alberto
245 10 - MENCIÓN DE TÍTULO
Título Contrato de trabajo y política
Resto del título : del fomento del empleo al apoyo a los emprendedores
Mención de responsabilidad, etc. Alberto Cámara Botía
500 ## - NOTA GENERAL
Nota general Resumen
650 #4 - ASIENTO SECUNDARIO DE MATERIA--TÉRMINO DE MATERIA
9 (RLIN) 28316
Término de materia o nombre geográfico como elemento inicial contrato de trabajo
650 #4 - ASIENTO SECUNDARIO DE MATERIA--TÉRMINO DE MATERIA
9 (RLIN) 28300
Término de materia o nombre geográfico como elemento inicial política de empleo
650 #4 - ASIENTO SECUNDARIO DE MATERIA--TÉRMINO DE MATERIA
9 (RLIN) 30270
Término de materia o nombre geográfico como elemento inicial fomento del empleo
650 #4 - ASIENTO SECUNDARIO DE MATERIA--TÉRMINO DE MATERIA
9 (RLIN) 30016
Término de materia o nombre geográfico como elemento inicial creación de empresa
650 #4 - ASIENTO SECUNDARIO DE MATERIA--TÉRMINO DE MATERIA
9 (RLIN) 28188
Término de materia o nombre geográfico como elemento inicial empresario
650 #4 - ASIENTO SECUNDARIO DE MATERIA--TÉRMINO DE MATERIA
9 (RLIN) 28230
Término de materia o nombre geográfico como elemento inicial innovación
653 10 - TÉRMINO DE INDEXACIÓN--NO CONTROLADO
Término no controlado Empleo
773 0# - ENTRADA DE DOCUMENTO FUENTE
Itemnumber del ítem fuente 85474
Lugar, editor y fecha de publicación Madrid (Ignacio Ellacuría, 3, 28017) Civitas
Otro identificador del documento 088372
Título Nueva revista española de Derecho del trabajo
Número de control del registro relacionado (ES-MaCES)25060
Parte(s) relacionada(s) n. 191 (oct. 2016) {10040 R. 088372} ;p. 23-60
902 ## - CES. TIPO DE DOCUMENTO
Tipodoc (006$c Sirtex) ART Artículo de revista
942 ## - ELEMENTOS KOHA
Fuente de clasificaión o esquema Clasificación propia del CES
Koha [por defecto] tipo de item Artículos (1982-2017)
Parte de clasificación Relaciones Laborales y Rel. Lab.- Empleo

No hay ítems disponibles.

© CES, Consejo Económico y Social de España 2021